Analýza účinnosti systému odmeňovania vo vybranom podniku diplomová práca

Uložené v:
Podrobná bibliografia
Hlavný autor: Gubányová, Katarína
Korporativný autor: Fakulta podnikového manažmentu EU. Katedra manažmentu
Ďalší autori: Joniaková, Zuzana, 1970-
Médium: Kniha
Jazyk:Slovak
Vydavateľské údaje: Bratislava 2010
Tagy: Pridať tag
Žiadne tagy, Buďte prvý, kto otaguje tento záznam!

MARC

LEADER 00000nam a2200000 4500
001 0119716
005 20240318121759.7
041 0 |a slo 
044 |a SK 
245 1 0 |a Analýza účinnosti systému odmeňovania vo vybranom podniku  |b diplomová práca  |c Katarína Gubányová ; škol. Zuzana Joniaková 
264 1 |a Bratislava  |c 2010 
300 |a 99 s. 
100 1 |a Gubányová, Katarína 
700 1 |a Joniaková, Zuzana, 1970- 
710 2 |a Fakulta podnikového manažmentu EU. Katedra manažmentu